Para compreender a sexualidade hoje (Registo nº 1926)

Detalhes MARC
000 -Etiqueta do registo
Valores 00615nam a22001931i 4500
090 ## -
-- 1926
100 ## - Dados gerais de processamento
Dados gerais 20170304u u u0frey50 ba
101 0# - Língua de publicação
-- por
200 1# - Titulo e menção de responsabilidade
Primeira menção de responsabilidade Michel Simon
Título próprio Para compreender a sexualidade hoje
215 ## - Descrição física 
Paginação / Volumes 124, [12] p.
Dimensões 23 cm
210 ## - Publicação
Nome do editor Moraes
Local de publicação Lisboa
Data de publicação 1978
225 2# - Colecção 
Título próprio da colecção Psicologia e pedagogia
300 ## - Notas gerais 
Texto da nota Exemplar nÇ 0002101 em depósito / caixa 382
410 #0 -
-- Psicologia e pedagogia
702 #1 - Autor secundário (pessoa individual)
Apelido Santos
Nome Hélia Silva
-- 730
700 #1 - Autor principal (pessoa individual)
Apelido Simon
Nome Michel
-- 070
996 ## - ISO2709
-- 0002101
-- SIM
-- 00000000
-- 00000000
-- BMVA
-- 1
-- Depósito
-- Psicologia
-- 25
-- Livro
-- 0
-- 1
990 ## - Elementos KOHA
Tipo de documento Livro
995 ## - Localização e informação dos exemplares
-- 25
Exemplares
Situação do levantamento Estado Biblioteca de origem Biblioteca de empréstimo Localização na Estante Código de barras Cota Permissão de empréstimo Tipo de documento
  Completo Biblioteca Municipal de Viana Do Alentejo Biblioteca Municipal de Viana Do Alentejo   0002232 SIM Disponível Livro




Powered by Koha